00571nam a2200205 a 45000010005000000030009000050080041000140400028000550820016000831000035000992450056001342600048001903000016002386500019002546500019002736500022002926500022003149420012003369990017003489303CO-ViMGA141112s2004 ck r 000 u spa d aCO-ViMGAbspacCO-ViMGA04a770.233 K471 aKiegeland ; Burkhardt, 91003510aFotografiar : bmanual para fotografos aficionados. aBarcelona : bCírculo de lectores, c1982 a239p. : il.14aCAMARAS91003614aFILTROS91003714aFOTOGRAFIA91003814aFOTOGRAFOS910039 2ddccBK c20836d20836